00865nam a2200277Ia 4500008004100000020001800041050000800059050001000067100001800077245002100095245002400116260001600140260001900156260001200175300001700187300001100204440005000215440000800265500010200273650002100375650002100396650001300417650002200430999001900452952011600471170203s9999 xx 000 0 und d a9781423106128 aFic bH111h aHapka, Cathy. aWildcat spirit / cby Catherine Hapka. aNew York :  bDisney Press,  c©2007. a126 pages ;  c20 cm. aHigh school musical, stories from East High,  v#2. a"Based on the Disney Channel original movie "High School Musical", written by Peter Barsocchini." aHigh schools --  aHigh schools --  xFiction. xJuvenile fiction. c306451d306451 001040aSSISBbSSISBcGS FICTIONd2017-02-03l0oFic .H111h 2007pLS-3632r2017-02-03 00:00:00w2017-02-03yBK